000 00767nam a22001935i 4500
001 68719
003 ES-MaACL
007 t|
008 960826s1899 fr ||||1| fre d
040 _aCAM
_bspa
_cCAM
100 1 _aGeny, Francois.
_9185665
245 1 0 _aMéthode d'interprétation et sources en droit privé positif
_b: essai critique /
_cpar Francois Geny; précédé d'une préface de M. Raimond Saleilles.
260 _aParis :
_bA. Chevalier-Marescq & Cia éditeurs,
_c1899 (
_fimprimerie parisienne L. Barnéoud & Cia)
300 _aXIV, 606 p. ;
_c25 cm.
490 1 _aBibliothèque de jurisprudence civile contemporaine
830 0 _aBibliothèque de jurisprudence civile contemporaine
_9230955
852 _aES-MaACL
_jG-14356
999 _c68719
_d68719